Größte Städte am Neckar - Statistiken

Allgemein
  • Dieses Quiz wurde 35 mal gespielt
  • Das Durchschnittsergebnis liegt bei 6 aus 8
Antwortstatistiken
Einwohner
Antwort % Korrekt
607.000 Stuttgart
100%
326.000 Mannheim
90%
156.000 Heidelberg
86%
133.000 Heilbronn
76%
96.000 Esslingen am Neckar
69%
95.000 Ludwigsburg
69%
92.000 Tübingen
62%
45.000 Rottenburg am Neckar
21%
Keine übereinstimmenden Quizze gefunden
Verteilung der Resultate
Anzahl Personen mit jedem Resultat
Perzentil nach korrekt beantworteten Fragen
Ihre Resultats-Entwicklung
Sie haben dieses Quiz noch nicht gespielt